000 01781cam a22004334i 4500
003 PE-LiUPU
005 20250731173122.0
008 150623s r 000 0 d
035 _a(Sirsi) a25544
040 _aPE-LiUPU
_bspa
_cPE-LiUPU
_erda
082 0 4 _a254.5
_bC22
_221
100 1 _aCampanha, Josué,
_eautor.
245 1 0 _aPlanejamento estratégico /
_cJosué Campanha.
264 1 _aSao Paulo :
_bEditora Vida,
_c1999.
300 _a330 páginas :
_bilustraciones, gráficos ;
_c24 cm.
336 _atext
_2rdacontent
337 _aunmediated
_2rdamedia
338 _avolume
_2rdacarrier
500 _aGlosario (A-V): p.333-334.
504 _aIncluye bibliografía.
505 0 _aE tudo comcou assim. -Por onde comecar?. -O inicio da caminhada. -A parábola do semeador. -Adefinicao da missao. -Passos decisivos no planejamento. -Envolvendo a lideransa. -Identificando a visao. -Discipulado e dons. -Acahacao das potencialidades. -Planos de acao. -Metas e dasafios. -Trinamento de lideres. -Gerenciamento, esturtutacao e orcamento. -acaliacao e tomada de decisoes. Calendario. -Aigreja do futuro.
526 _aSEG42
526 _aSEG41
526 _aSEG40
526 _aSEG39
526 _aP94
526 _aP87
526 _aP86
526 _aP85
526 _aP77
526 _aP76
526 _aP35
650 0 4 _aCrecimiento de iglesia.
942 _2ddc
_cBOOK
949 _a254.5 C22
_wDEWEY
_c1
_i49646
_lCCODEBUL1
_mBUL
_p00.00
_r0
_sY
_tBOOK
_u2015-06-24
_xTEOLOGIA
_PP35
_0COMPRA
_o.STAFF. Colección General
596 _a1
999 _a254.5 C22
_wDEWEY
_c32477
_i49646
_d32477
_f2021-11-10
_g5
_lCCODEBUL1
_mBUL
_q1
_r0
_sY
_tBOOK
_u2015-6-24
_xTEOLOGIA
_PP35
_0COMPRA
_o.STAFF. Colección General
980 _81
_gALBERTO SANCHEZ Responsable de Automatización